000 01614nam0a2200337 4500
001 RU\NLR\bibl\206145
005 20260407070800.0
021 _aRU
_b2001-29715
_91424
035 _a(NLR Aleph) 001341566
090 _a864119
_c864119
100 _a20011114d2001 |||y0rusy50 ca
101 0 _arus
102 _aRU
105 _aa |||||||||
200 1 _aВесенняя выставка в залах Российской академии художеств
_eЖивопись. Графика. Скульптура. Архитектура
_eКат.
_fРос. акад. художеств, С.-Петерб. гос. акад. ин-т живописи, скульптуры и архитектуры им. И. Е. Репина, Н.-и. музей
210 _aСПб.
_cБ.и.
_d2001
215 _a[10] с.
_cил.
_d30
606 1 _aИзобразительное искусство русское советское
_xВыставки
_yСанкт-Петербург, город
_z2001
_92229307
_3RU\NLR\auth\661338125
610 0 _aРусское изобразительное искусство - Выставки
675 _a73/76(064)
_v3
_zrus
686 _a18.31
_2rugasnti
686 _a85
_2rubbk
686 _aЩ103(2Р=Рус)7л62
710 0 2 _aРоссийская академия художеств
_bВесенняя выставка
_f2001
_eСанкт-Петербург
_3RU\NLR\AUTH\8810034297
_9566927
801 0 _aRU
_bRKP
_c20011114
_gPSBO
801 1 _aRU
_bRKP
_c20011114
801 2 _aRU
_bNLR
_c20110112
_grcr
852 _aNLR
_bЭст.
942 _cBOOK
980 _aNB